[Event "Rheinland Pfalz Seniors op"]
[Site "Altenkirchen"]
[Date "2023.09.05"]
[Round "1"]
[White "Schrems, Hermann"]
[Black "Mortensen, Soren K"]
[Result "1-0"]
[WhiteElo "1997"]
[BlackElo "1745"]
[PlyCount "75"]
[EventDate "2023.09.05"]
[EventType "swiss"]
[EventRounds "9"]
[EventCountry "GER"]
[SourceTitle "EXT 2024"]
[Source "ChessBase"]
[SourceDate "2023.10.10"]
[SourceVersion "1"]
[SourceVersionDate "2023.10.10"]
[SourceQuality "1"]

1. d4 Nf6 2. c4 g6 3. g3 Bg7 4. Bg2 0-0 5. Nc3 d6 6. Nf3 Nbd7 7. 0-0 e5 8. h3 c6 9. e4 a5 10. Be3 exd4 11. Nxd4 Re8 12. Qc2 Nc5 13. Rad1 a4 14. Nxc6 Qb6 15. Nd4 Bd7 16. Ndb5 Bxb5 17. Nxb5 Bf8 18. b4 axb3 19. axb3 d5 20. exd5 Rxe3 21. fxe3 Nce4 22. Kh2 Qxe3 23. Rf3 Qg5 24. Qc1 Qh5 25. Qf4 Bg7 26. Re1 Ng5 27. Rf2 h6 28. g4 Qh4 29. Qg3 Qxg3+ 30. Kxg3 h5 31. h4 Ngh7 32. g5 Ng4 33. Rfe2 f6 34. Re8+ Rxe8 35. Rxe8+ Bf8 36. gxf6 Nhxf6 37. Rb8 Ne3 38. Bh3 1-0

[Event "Davos Summer op"]
[Site "Davos"]
[Date "2021.08.06"]
[Round "2"]
[White "Mortensen, Soren K"]
[Black "Mattenberger, Matthias"]
[Result "1/2-1/2"]
[WhiteElo "1771"]
[BlackElo "1961"]
[PlyCount "42"]
[EventDate "2021.08.05"]
[EventType "swiss"]
[EventRounds "5"]
[EventCountry "SUI"]
[SourceTitle "EXT 2022"]
[Source "ChessBase"]
[SourceDate "2021.10.06"]
[SourceVersion "1"]
[SourceVersionDate "2021.10.06"]
[SourceQuality "1"]

1. e4 c5 2. Nf3 d6 3. d4 cxd4 4. Nxd4 Nf6 5. Nc3 g6 6. Be3 Bg7 7. f3 0-0 8. Qd2 Nc6 9. 0-0-0 d5 10. exd5 Nxd5 11. Nxc6 bxc6 12. Bd4 Bxd4 13. Qxd4 Qb6 14. Nxd5 cxd5 15. Kb1 Bb7 16. Qxb6 axb6 17. c4 Rfd8 18. Bd3 e5 19. cxd5 Bxd5 20. b3 f6 21. Rd2 Be6 1/2-1/2